000 00675nam a2200241Ia 4500
005 20230311135203.0
008 131103s9999 xx 000 0 und d
020 _a8121208912
_cRs 690
040 _aLoreto College
041 _aEnglish
082 _a891.44
_bBAS
100 _aBasak, Sila
245 _aBengali culture and society through its riddles
_cSila Basak
260 _aNew Delhi
_bGyan Publishing House
_c2006
300 _a251p
504 _aIncludes bibliographical references and index
630 _aBengali Culture
630 _aCulture of Bengal
650 _aBengali Folklores
651 _aFolklores of Bengal
850 _aLCLIB
942 _cBK
999 _c22486
_d72965